When writing met art : from symbol to story /

محفوظ في:

المؤلف الرئيسي: Schmandt-Besserat, Denise

التنسيق: كتاب

اللغة: Undetermined

منشور في: Austin : University of Texas Press, 2007.

الموضوعات:

الوسوم: إضافة وسم

لا توجد وسوم, كن أول من يضع وسما على هذه التسجيلة!

رقم الطلب: N72 .W75 S36

LEADER 00703nam a2200181Ia 4500
008 220401s9999||||xx |||||||||||||| ||und||
020 |a 9780292713345 
050 4 |a N72 .W75 S36 
100 1 |a Schmandt-Besserat, Denise 
245 1 0 |a When writing met art :  |b from symbol to story /  |c Denise Schmandt-Besserat. 
264 1 |a Austin :  |b University of Texas Press,  |c 2007. 
300 |a 134p. :  |b ill. ;  |c 26cm. 
500 |a includes bibliographical references. 
650 1 4 |a Art, Ancient Middle East. 
650 1 4 |a Writing and art Middle East. 
942 |2 lcc  |c BK 
952 |0 0  |1 0  |2 lcc  |4 0  |6 N0072 W75 S36  |7 1  |9 39194  |a ARCE  |b ARCE  |d 2022-04-01  |l 0  |o N72 .W75 S36  |p 1006962  |r 2022-04-01 00:00:00  |w 2022-04-01  |y BK 
999 |c 46775  |d 46775